[Event "UKR-POL Academic Teams"]
[Site "Lviv UKR"]
[Date "2013.09.26"]
[Round "2"]
[White "Chlost,M"]
[Black "Pershina,Lj"]
[Result "1-0"]
[WhiteElo "2173"]
[BlackElo "1869"]

1.e4 c5 2.Nf3 Nc6 3.d4 cxd4 4.Nxd4 Nf6 5.Nc3 d6 6.Bg5 e6 7.Qd2 Be7 8.h4 a6
9.f3 Qc7 10.O-O-O O-O 11.h5 Rd8 12.Be3 d5 13.exd5 Nxd5 14.Nxd5 Rxd5 15.Bc4 Rd8
16.Qe2 Nxd4 17.Bxd4 b5 18.Bb3 Bb7 19.Rhe1 Qf4+ 20.Be3 Qf5 21.Bb6 Rxd1+ 22.Rxd1 Bc6
23.Kb1 a5 24.a3 a4 25.Ba2 h6 26.Rd4 Rc8 27.f4 Qf6 28.c3 Rb8 29.Bc7 Rb7 30.Be5 Qh4
31.Ka1 Qh1+ 32.Rd1 Qh4 33.Bb1 Bc5 34.g4 Qe7 35.Qd3 g6 36.Qd8+ Qf8 37.hxg6 fxg6
38.Bxg6 Be7 39.Qxf8+ Kxf8 40.Rd3 Bg2 41.Kb1 Bf1 42.Rd4 Be2 43.Bh5 Bc4 44.Bg6 Be2
45.Bh5 Bc4 46.f5 exf5 47.gxf5 Rb6 48.Kc2 Bf6 49.Bd6+ Be7 50.Bf4 Rf6 51.Bg6 h5
52.Rd7 Bf7 53.Bxf7 Rxf7 54.Rd5 h4 55.Kd3 h3 56.Ke4 Bh4 57.Rd2 Re7+ 58.Kf3 Rf7
59.Kg4 Be7 60.Rh2  1-0

[Event "XXXI Balaton Open"]
[Site "Heviz HUN"]
[Date "2013.09.28"]
[Round "6.4"]
[White "Takacs,B"]
[Black "Wittmann,W"]
[Result "1-0"]
[WhiteElo "2354"]
[BlackElo "2216"]

1.e4 c5 2.Nf3 Nc6 3.d4 cxd4 4.Nxd4 Nf6 5.Nc3 d6 6.Bg5 e6 7.Qd2 Be7 8.O-O-O Nxd4
9.Qxd4 O-O 10.f3 a6 11.Kb1 b5 12.Bxf6 gxf6 13.Bd3 Rb8 14.Qe3 b4 15.Ne2 Qa5
16.f4 Kh8 17.Qh3 e5 18.Qh5 Qc5 19.f5 a5 20.Rhf1 Bb7 21.Rf3 Rg8 22.Qxf7 Rg7
23.Qh5 d5 24.Rg3 Rbg8 25.Rxg7 Rxg7 26.Qf3 a4 27.Ng3 a3 28.exd5 axb2 29.Be4 Ba6
30.Bd3 Bb7 31.Be4 Ba6 32.Nh5 Rf7 33.d6 Bxd6 34.Bd5 Rf8 35.Qg4 Qa7 36.Be6 Bb8
37.Rd7 Qg1+ 38.Kxb2  1-0

[Event "Grand Open Blagoevgrad 2013"]
[Site "Blagoevgrad BUL"]
[Date "2013.09.30"]
[Round "4.4"]
[White "Vujacic,Bo"]
[Black "Sedlak,N"]
[Result "0-1"]
[WhiteElo "2294"]
[BlackElo "2581"]

1.e4 c5 2.Nf3 d6 3.d4 cxd4 4.Nxd4 Nf6 5.Nc3 Nc6 6.Bg5 Bd7 7.Nb3 e6 8.Qd2 a6
9.O-O-O b5 10.f3 Be7 11.Kb1 b4 12.Bxf6 Bxf6 13.Ne2 Be7 14.f4 Qc7 15.Ned4 Nxd4
16.Nxd4 O-O 17.Bd3 Rfc8 18.Nf3 a5 19.e5 dxe5 20.Be4 Bc6 21.Bxc6 Qxc6 22.Nxe5 Qc7
23.Qe2 Bd6 24.g3 Bxe5 25.fxe5 a4 26.Rd4 Ra5 27.Rxb4 Rxe5 28.Qg2 a3 29.Rb7 Qd6
30.Qf3 Rf5 31.Qd1 Qc6 32.Rb3 axb2 33.Re1 Rd5 34.Rd3 Rxd3 35.Qxd3 h5 36.Re4 Qb6
37.Rd4 e5 38.Rd5 h4 39.Rxe5 Qg1+ 40.Kxb2 Qxh2 41.Rh5 Rb8+ 42.Kc1 Qg1+ 43.Kd2 Qf2+
44.Kc3 Qe1+  0-1

[Event "Grand Open Blagoevgrad 2013"]
[Site "Blagoevgrad BUL"]
[Date "2013.10.01"]
[Round "6.1"]
[White "Saric,Iv"]
[Black "Sedlak,N"]
[Result "1/2-1/2"]
[WhiteElo "2627"]
[BlackElo "2581"]

1.e4 c5 2.Nf3 d6 3.d4 cxd4 4.Nxd4 Nf6 5.Nc3 Nc6 6.Bg5 Bd7 7.Qd2 h6 8.Bxf6 gxf6
9.O-O-O Nxd4 10.Qxd4 Qa5 11.Kb1 Rc8 12.f4 Qc5 13.Qd2 Bg7 14.f5 h5 15.Nd5  1/2-1/2

[Event "23rd EYCC Girls U18 2013"]
[Site "Budva MNE"]
[Date "2013.10.01"]
[Round "3.4"]
[White "Shamatava,A"]
[Black "Efroimski,M"]
[Result "1-0"]
[WhiteElo "2064"]
[BlackElo "2317"]

1.e4 c5 2.Nf3 d6 3.d4 cxd4 4.Nxd4 Nf6 5.Nc3 Nc6 6.Bg5 e6 7.Qd2 Qb6 8.Bxf6 gxf6
9.Nb3 Bd7 10.O-O-O O-O-O 11.f4 h5 12.Be2 Qf2 13.g3 h4 14.g4 Kb8 15.Kb1 a6
16.Rdf1 Qb6 17.Rf3 Rc8 18.Rd1 Na5 19.f5 Nxb3 20.axb3 Be7 21.g5 fxg5 22.f6 Bf8
23.Qxg5 Qc5 24.Qf4 Bc6 25.Rh3 Qe5 26.Rf1 Bh6 27.Qxh4 Bg7 28.Bh5 Bxf6 29.Qxf6 Rxh5
30.Rxh5 Qxh5 31.Qxf7 Qxf7 32.Rxf7 Rh8 33.Rf6 Bd7 34.Rf2 Rh4 35.Kc1 b5 36.Re2 Bc6
37.b4 Kc7 38.Kd2 Kb6 39.Kd3 a5 40.bxa5+ Kxa5 41.Na2 b4 42.Kd2 Bxe4 43.Nc1 Kb5
44.Rf2 e5 45.Ne2 Kc5 46.Ng3 Bh7 47.Ne2 d5 48.Rg2 Rh3 49.Ng1 Rh6 50.Rf2 e4
51.Rg2 Rh5 52.Ne2 Bf5 53.Ng3 Bh3 54.Nxh5 Bxg2 55.Nf4 Bf3 56.h4 Kd6 57.c3 Ke5
58.Ke3 b3 59.Ng6+ Kf6 60.Nf4 Ke5 61.Ng6+ Kd6 62.Nf4 Bg4 63.Kd4 Be6 64.h5 Bg8
65.h6 Ke7 66.Nxd5+ Kf7 67.Kxe4 Bh7+ 68.Kd4 Kg6 69.c4 Kxh6 70.Kc3 Kg7 71.Kxb3 Kf8
72.Ka4 Kf7 73.b4 Ke6 74.b5 Kd6 75.Kb4 Be4 76.Nc3 Bb7 77.c5+ Kc7 78.Ne2 Bd5
79.Nd4 Kb7 80.Ka5 Ka7 81.c6 Be4 82.b6+ Ka8 83.Kb5 Kb8 84.Kc5 Ka8 85.Nb5 Bf5
86.b7+ Kb8 87.Kb6  1-0

[Event "23rd EYCC Open U16 2013"]
[Site "Budva MNE"]
[Date "2013.10.01"]
[Round "3.39"]
[White "Sorin,Ilya"]
[Black "Lopatik,N"]
[Result "1-0"]
[WhiteElo "1672"]
[BlackElo "1981"]

1.e4 c5 2.Nf3 Nc6 3.d4 cxd4 4.Nxd4 Nf6 5.Nc3 d6 6.Bg5 Bd7 7.Qd2 Rc8 8.f4 Nxd4
9.Qxd4 Qa5 10.Be2 Qc5 11.Qd2 Bc6 12.Bf3 Nd7 13.Bh4 g6 14.Bf2 Qb4 15.a3 Qxb2
16.Ra2 Qxa2 17.Nxa2 Bb5 18.Be2 Bc6 19.Bd3 Bg7 20.O-O O-O 21.Nb4 Ba4 22.Nd5 Rfe8
23.Bh4 f6 24.Nc3 Bc6 25.Bb5  1-0

[Event "Kolomenskaya versta IM 2013"]
[Site "Kolomna RUS"]
[Date "2013.10.01"]
[Round "5"]
[White "Nozdrachev,L"]
[Black "Velikanov,I"]
[Result "1-0"]
[WhiteElo "2433"]
[BlackElo "2295"]

1.e4 c5 2.Nf3 d6 3.d4 cxd4 4.Nxd4 Nf6 5.Nc3 Nc6 6.Bg5 e6 7.Qd2 Be7 8.O-O-O O-O
9.f4 h6 10.Bxf6 Bxf6 11.Nxc6 bxc6 12.Qxd6 Qb6 13.e5 Rd8 14.Qa3 Qe3+ 15.Kb1 Rxd1+
16.Nxd1 Qxa3 17.bxa3 Rb8+ 18.Kc1 Be7 19.Bc4 Bxa3+ 20.Kd2 Bc5 21.c3 Rb6 22.Re1 Kf8
23.Kc2 Ba3 24.g4 g6 25.Re3 Ba6 26.Re4 Bb5 27.Bxb5 cxb5 28.Re3 Rc6 29.Rf3 Bc5
30.Nb2 Bb6 31.Rh3 g5 32.Rf3 gxf4 33.Rxf4 Ba5 34.Rf3 Bc7 35.Re3 Bb6 36.Re4 Ba5
37.c4 Bc7 38.Kb3 bxc4+ 39.Nxc4 Ke7 40.Kb4 a6 41.Rf4 Bb8 42.Rf6 Bxe5 43.Rxf7+ Ke8
44.Nxe5 Rb6+ 45.Kc5 Rb5+ 46.Kd6 Rxe5 47.Rf6 Rg5 48.h3 h5 49.Rxe6+ Kf7 50.Re7+ Kf6
51.Re6+ Kf7 52.Re4 hxg4 53.hxg4 Ra5 54.a4 Rg5 55.Rf4+ Ke8 56.Ke6 Rg6+ 57.Kf5 Kf7
58.Rb4 Rc6 59.Rb7+ Kf8 60.Ra7 Kg8 61.g5 Rc5+ 62.Kg6 Rc6+ 63.Kh5 Rb6 64.a5 Rc6
65.g6 Rc1 66.Rxa6 Kg7 67.Ra7+ Kg8 68.Rd7 Rh1+ 69.Kg5 Rg1+ 70.Kf6 Rf1+ 71.Ke7 Kg7
72.Rd6 Ra1 73.a6 Ra2 74.Kd7 Kf8 75.Rf6+ Kg7 76.Rb6  1-0

[Event "Kolomenskaya versta IM 2013"]
[Site "Kolomna RUS"]
[Date "2013.10.04"]
[Round "9"]
[White "Kupreichik,V"]
[Black "Velikanov,I"]
[Result "1/2-1/2"]
[WhiteElo "2443"]
[BlackElo "2295"]

1.e4 c5 2.Nf3 d6 3.d4 cxd4 4.Nxd4 Nf6 5.Nc3 Nc6 6.Bg5 e6 7.Qd2 Be7 8.O-O-O O-O
9.h4 Nxd4 10.Qxd4 Qa5 11.Nb1 Bd7 12.Be2 Bc6 13.Rh3 Rfd8 14.Rg3 Kf8 15.h5 h6
16.Be3 Qe5 17.f4 Qxd4 18.Bxd4 Ne8 19.Rgd3 Nf6 20.Rg3 Ne8 21.Rgd3 Nf6 22.Rg3 Ne8
23.Bd3  1/2-1/2

[Event "Tatry Open 2013"]
[Site "Tatranske Zruby SVK"]
[Date "2013.10.04"]
[Round "7.10"]
[White "Korpa,B"]
[Black "Vermirovsky,V"]
[Result "1-0"]
[WhiteElo "2351"]
[BlackElo "2038"]

1.e4 c5 2.Nf3 d6 3.d4 cxd4 4.Nxd4 Nf6 5.Nc3 Nc6 6.Bg5 e6 7.Qd2 a6 8.O-O-O h6
9.Nxc6 bxc6 10.Bf4 d5 11.Qe3 Be7 12.Be2 O-O 13.h4 Nd7 14.exd5 exd5 15.Qg3 Kh8
16.Bc7 Qe8 17.Rhe1 Nc5 18.Bd3 Be6 19.Be5 f6 20.Bd6 Qd7 21.Bxe7 Qxe7 22.Bf5 Qd7
23.Rxe6 Nxe6 24.Qg6  1-0

[Event "23rd EYCC Open U16 2013"]
[Site "Budva MNE"]
[Date "2013.10.05"]
[Round "6.28"]
[White "Aguiar,H"]
[Black "Nikolovski,Nikola"]
[Result "1-0"]
[WhiteElo "2122"]
[BlackElo "1996"]

1.e4 c5 2.Nf3 d6 3.d4 cxd4 4.Nxd4 Nf6 5.Nc3 Nc6 6.Bg5 e6 7.Qd2 a6 8.O-O-O h6
9.Bxf6 Qxf6 10.Nb3 g5 11.Kb1 b5 12.a3 Be7 13.g3 g4 14.h3 h5 15.Be2 Ne5 16.hxg4 hxg4
17.Rxh8+ Qxh8 18.Qd4 Qh5 19.a4 bxa4 20.Nxa4 Bb7 21.Nb6 Nc6 22.Qg7 Bf8 23.Qg8 Rd8
24.Nc4 Qg6 25.Qxg6 fxg6 26.Bxg4 Kf7 27.f4 Be7 28.Rh1 d5 29.Nca5 Nxa5 30.Nxa5 Bc8
31.Rh7+ Kf8 32.Nc6 Re8 33.Nxe7 Rxe7 34.Rxe7 Kxe7 35.exd5 Bd7 36.Bxe6  1-0

[Event "Tatry Open 2013"]
[Site "Tatranske Zruby SVK"]
[Date "2013.10.05"]
[Round "8.15"]
[White "Prandstetter,E"]
[Black "Jarmula,P"]
[Result "1-0"]
[WhiteElo "2259"]
[BlackElo "2123"]

1.e4 c5 2.Nf3 d6 3.d4 cxd4 4.Nxd4 Nf6 5.Nc3 Nc6 6.Bg5 e6 7.Qd2 a6 8.O-O-O h6
9.Bf4 Bd7 10.Nxc6 Bxc6 11.Qe1 Qc7 12.f3 Be7 13.Kb1 b5 14.Bd3 O-O 15.g4 Nd7
16.h4 Ne5 17.Qg3 b4 18.Ne2 Rfc8 19.g5 Ba4 20.gxh6 g6 21.h7+ Kxh7 22.Bxe5 dxe5
23.Rc1 Bb5 24.Rhf1 Bf8 25.f4 exf4 26.Nxf4 Bh6 27.h5 g5 28.e5+ Bxd3 29.Qxd3+ Kh8
30.Ng2 Rd8 31.Qe4 Bg7 32.Rce1 Rac8 33.h6 Bf8 34.Ne3 Rd2 35.Rc1 Bc5 36.Ng4 f5
37.exf6 Bd4 38.Qg6 Rg8 39.Qg7+ Rxg7 40.hxg7+ Qxg7 41.fxg7+ Kxg7 42.Rcd1  1-0

[Event "23rd EYCC Open U16 2013"]
[Site "Budva MNE"]
[Date "2013.10.08"]
[Round "9.28"]
[White "Todorovic,Nenad I"]
[Black "Lopatik,N"]
[Result "1-0"]
[WhiteElo "2149"]
[BlackElo "1981"]

1.e4 c5 2.Nf3 Nc6 3.d4 cxd4 4.Nxd4 Nf6 5.Nc3 d6 6.Bg5 Bd7 7.Qd2 Rc8 8.f4 Qb6
9.Nb3 e6 10.Bxf6 gxf6 11.O-O-O a6 12.Be2 Qc7 13.Bh5 Na5 14.Nxa5 Qxa5 15.f5 Qc5
16.fxe6 Bxe6 17.Qe2 Bc4 18.Qf3 Bxa2 19.Qxf6 Rg8 20.Rd5 Bxd5 21.exd5 Rg7 22.Re1+ Kd7
23.Bg4+ Kc7 24.Bxc8  1-0

[Event "7th Univ Cent Open 2013"]
[Site "Bogota COL"]
[Date "2013.10.12"]
[Round "6.11"]
[White "Martinez,Jor"]
[Black "Martinez Romero,M"]
[Result "0-1"]
[WhiteElo "2201"]
[BlackElo "2395"]

1.e4 c5 2.Nf3 d6 3.d4 cxd4 4.Nxd4 Nf6 5.Nc3 Nc6 6.Bg5 e6 7.Qd2 a6 8.O-O-O h6
9.Nxc6 bxc6 10.Bf4 d5 11.Qe3 Bb4 12.a3 Ba5 13.g4 Nxg4 14.Qg3 Nf6 15.Be5 Nh5
16.Qe3 Bb6 17.Qd2 Bc7 18.Bxc7 Qxc7 19.Rg1 Qf4 20.Qxf4 Nxf4 21.Na4 O-O 22.e5 a5
23.Rd4 Ng6 24.Rdg4 Nxe5 25.Rxg7+ Kh8 26.R7g3 Ng6 27.Rc3 e5 28.Nb6 Rb8 29.Rxc6 d4
30.Bd3 Bb7 31.Rc7 e4 32.Bc4 Kg7 33.h4 h5 34.Be2 Ba6 35.Bxa6 Rxb6 36.Be2 Kh6
37.Rg5 Nf4 38.Bc4 e3 39.fxe3 dxe3 40.Re7 Ng6 41.Bxf7 Nxe7 42.Rxh5+ Kg7 43.Bc4 Rf5
44.Rg5+  0-1

[Event "TCh-FIN SM 2013-14"]
[Site "Helsinki FIN"]
[Date "2013.10.12"]
[Round "3.8"]
[White "Tingander,Ari-Pekka"]
[Black "Pulkkinen,K"]
[Result "0-1"]
[WhiteElo "2007"]
[BlackElo "2254"]

1.e4 c5 2.Nf3 d6 3.d4 cxd4 4.Nxd4 Nf6 5.Nc3 Nc6 6.Bg5 e6 7.Qd2 a6 8.O-O-O Bd7
9.f3 Rc8 10.g4 h5 11.gxh5 Rxh5 12.h4 b5 13.Nxc6 Bxc6 14.Bh3 b4 15.Ne2 Qa5
16.Kb1 Nd7 17.Nd4 Ne5 18.f4 Nd7 19.f5 e5 20.Nxc6 Rxc6 21.Qe2 Rh8 22.Rd5 Qc7
23.h5 Be7 24.Bxe7 Kxe7 25.Rd2 Nf6 26.Bg4 a5 27.Bf3 Qb6 28.Rhd1 a4 29.Qg2 a3
30.b3 Qc5 31.Rd3 Rh7 32.Qe2 Nxh5 33.Bxh5 Rxh5 34.Qd2 Rh4 35.Rd5 Qc3 36.Qxc3 bxc3
37.Re1 Rc8 38.Rdd1 Rch8 39.Rd3 Rxe4  0-1

[Event "TCh-BEL 2013-14"]
[Site "Belgium BEL"]
[Date "2013.10.13"]
[Round "3.4"]
[White "Donovan,L"]
[Black "Buscher,M"]
[Result "0-1"]
[WhiteElo "2261"]
[BlackElo "2336"]

1.e4 c5 2.Nf3 Nc6 3.d4 cxd4 4.Nxd4 Nf6 5.Nc3 d6 6.Bg5 e6 7.Qd2 a6 8.O-O-O Bd7
9.f3 Be7 10.h4 b5 11.Kb1 Rc8 12.g4 Ne5 13.Bd3 Nxd3 14.cxd3 g6 15.Rc1 h5 16.gxh5 Nxh5
17.Nce2 f6 18.Be3 Kf7 19.f4 f5 20.Rxc8 Qxc8 21.exf5 gxf5 22.Rc1 Qb7 23.Nb3 Rc8
24.Ned4 Rxc1+ 25.Qxc1 Nf6 26.Na5 Qc8 27.Nac6 Bf8 28.Bd2 Nd5 29.Ba5 Bxc6 30.Nxc6 Ke8
31.Nb4 Qxc1+ 32.Kxc1 Nxf4 33.Kc2 Be7 34.Nxa6 Kd7 35.Bd2 Nh5 36.Bg5 Bf8 37.a3 Bg7
38.Nb4 f4 39.Na2 Bd4 40.Nc3 f3 41.Ne4 f2 42.Nd2 Ng3 43.h5 f1=Q 44.Nxf1 Nxf1
45.h6 Ne3+ 46.Kb3 Nd5 47.Bc1 Ke8 48.a4 bxa4+ 49.Kxa4 Kf7 50.b4 Kg6 51.Kb5 Bc3
52.Kc6 Bxb4 53.Kd7 e5 54.Ke6 Nf4+  0-1

[Event "TCh-BEL 2013-14"]
[Site "Belgium BEL"]
[Date "2013.10.13"]
[Round "3.5"]
[White "Diepeveen,V"]
[Black "Rihouay,C"]
[Result "1-0"]
[WhiteElo "2276"]
[BlackElo "2198"]

1.e4 c5 2.Nf3 d6 3.d4 cxd4 4.Nxd4 Nf6 5.Nc3 Nc6 6.Bg5 e6 7.Qd2 a6 8.O-O-O h6
9.Bf4 Ne5 10.Nf5 exf5 11.Bxe5 Be7 12.Bxd6 Qxd6 13.Qxd6 Bxd6 14.Rxd6 Nxe4
15.Nxe4 fxe4 16.Bc4 Ke7 17.Rb6 Rd8 18.Rd1 f6 19.Re1 Rd4 20.Bd3 f5 21.f3 Rd6
22.Rxd6 Kxd6 23.fxe4 f4 24.e5+ Ke7 25.Bg6 Be6 26.Be4 Rb8 27.Rd1 b6 28.Rd6 g5
29.b3 a5 30.c4 g4 31.Bd5 Bxd5 32.cxd5 Rf8 33.Re6+ Kd7 34.Rf6 Rc8+ 35.Kd2 Rc5
36.Rf7+ Ke8 37.Rxf4 Rxd5+ 38.Ke3 Rxe5+ 39.Re4 Re7 40.Rxe7+ Kxe7 41.Kf4 h5
42.Kg5 Ke6 43.Kxh5 Kf5 44.a4 Kf4 45.Kh4  1-0

[Event "TCh-SUI 2013"]
[Site "Switzerland SUI"]
[Date "2013.10.13"]
[Round "9.8"]
[White "Nuri,Kam"]
[Black "Rusev,A"]
[Result "1-0"]
[WhiteElo "2288"]
[BlackElo "2253"]

1.e4 c5 2.Nf3 Nc6 3.d4 cxd4 4.Nxd4 Nf6 5.Nc3 d6 6.Bg5 e6 7.Qd2 a6 8.O-O-O Bd7
9.f4 h6 10.Bh4 g5 11.fxg5 Ng4 12.Kb1 Be7 13.Nxc6 Bxc6 14.Qd4 Rh7 15.g6 fxg6
16.Bg3 Qa5 17.Bxd6 Bxd6 18.Qxd6 Qe5 19.Bc4 Bd7 20.h3 Qxd6 21.Rxd6 Ne5 22.Bb3 Ke7
23.Rhd1 Rc8 24.Na4 Rc6 25.Rxc6 Nxc6 26.Nc5 Bc8 27.Rf1 Rf7 28.Rxf7+ Kxf7 29.Kc1 Ne5
30.Kd2 Ke7 31.Ke3 Kd6 32.Nd3 Nxd3 33.cxd3 g5 34.Bd1 Bd7 35.Bg4 Be8 36.b4 b6
37.a3 e5 38.Bf5 a5 39.Kd2 axb4 40.axb4 Bf7 41.Kc3 Bg8 42.Bc8 Bf7 43.Bb7 Be6
44.Ba6 Bf7 45.Bc4 Be8 46.Kd2 Bd7 47.Bf7 Ke7 48.Bh5 Kd6 49.Ke3 Ke7 50.d4 Kd6
51.d5 Ke7 52.Kf3 Kd6 53.Kg3 Ke7 54.h4 Kd6 55.Bf7 Ke7 56.Be6 gxh4+ 57.Kxh4 Be8
58.Bg4 Bg6 59.Bf5 Be8 60.Kg4 Bf7 61.Bh7 Kf6 62.d6 Ke6 63.d7 Kxd7 64.Kf5 Ke7
65.Kxe5 Be6 66.Bf5 Bf7 67.Bc8 Be8 68.Kf5 Kd8 69.Bb7 Ke7 70.Bd5 Bh5 71.e5 Be8
72.e6 Bh5 73.Bf3 Be8 74.Bb7 Bh5 75.Bc8 Be2 76.Kg6 Bf1 77.g3 h5 78.Kxh5 Kf6
79.Kh6 Be2 80.g4 Bxg4 81.e7 Bd7 82.Bxd7 Kxe7  1-0

[Event "3rd Central Asia Cup"]
[Site "Dushanbe TJK"]
[Date "2013.10.15"]
[Round "4.14"]
[White "Tokhirjanova,H"]
[Black "Ilhom,Mootribai"]
[Result "1-0"]
[WhiteElo "2135"]
[BlackElo "1699"]

1.e4 c5 2.Nf3 d6 3.d4 cxd4 4.Nxd4 Nf6 5.Nc3 Nc6 6.Bg5 e6 7.Qd2 Be7 8.O-O-O O-O
9.f3 Nxd4 10.Qxd4 a6 11.h4 b5 12.Bd3 Qc7 13.g4 Bd7 14.Kb1 b4 15.Ne2 Rfc8
16.Qf2 a5 17.Bd2 Ba4 18.Rc1 d5 19.g5 dxe4 20.fxe4 Ng4 21.Qg2 Ne5 22.h5 Qd8
23.Nf4 b3 24.axb3 Bxb3 25.g6 Qd7 26.gxf7+ Kxf7 27.Qf1 Bf6 28.cxb3 a4 29.Rxc8 Rxc8
30.b4 a3 31.Bc3 Qa4 32.Qd1 Qa7 33.Qb3 Qd7 34.Rd1 Qc6 35.b5 Qb6 36.Ba5 Qxa5
37.Qxe6+ Kf8 38.Qxc8+ Kf7 39.Bc4+  1-0

[Event "Indonesia Open 2013"]
[Site "Jakarta INA"]
[Date "2013.10.16"]
[Round "10.47"]
[White "Purba,C"]
[Black "Pitra,Andika"]
[Result "0-1"]
[WhiteElo "2193"]
[BlackElo "2276"]

1.e4 c5 2.Nf3 d6 3.d4 cxd4 4.Nxd4 Nf6 5.Nc3 Nc6 6.Bg5 e6 7.Qd2 a6 8.O-O-O Bd7
9.f4 b5 10.Nxc6 Bxc6 11.Bd3 Be7 12.Qe1 Nd7 13.Bxe7 Qxe7 14.Qg3 O-O 15.h4 Nc5
16.e5 dxe5 17.fxe5 Rfd8 18.Ne2 Nxd3+ 19.cxd3 Bd5 20.Kb1 Kh8 21.Nf4 Rd7 22.Rc1 Bb7
23.Rc2 Rad8 24.Rhc1 b4 25.Rc5 h6 26.R1c4 Bd5 27.Rc1 Ra7 28.Qf2 Rad7 29.g4 Ba8
30.g5 hxg5 31.hxg5 Qxg5 32.Rg1 Qf5 33.Rg3 Be4 34.Qh2+ Kg8 35.Rh3 Kf8 36.Rh8+ Ke7
37.Qh4+ g5 38.Qh6 Bxd3+ 39.Nxd3 Qxd3+ 40.Rc2 Qf1+ 41.Rc1 Qxc1+ 42.Kxc1 Rc7+
43.Kb1 Rd1+  0-1

[Event "SPICE Cup Open 2013"]
[Site "St Louis USA"]
[Date "2013.10.17"]
[Round "4.19"]
[White "Agrest,I"]
[Black "Bykhovsky,An ISR"]
[Result "0-1"]
[WhiteElo "2154"]
[BlackElo "2521"]

1.e4 c5 2.Nf3 Nc6 3.d4 cxd4 4.Nxd4 Nf6 5.Nc3 d6 6.Bg5 e6 7.Qd2 a6 8.O-O-O Bd7
9.f4 Be7 10.Nb3 b5 11.a3 Qc7 12.Bxf6 gxf6 13.Be2 O-O 14.Rhf1 Kh8 15.Rf3 Rg8
16.Bf1  0-1

[Event "TCh-Belgrade Premier liga 2013"]
[Site "Belgrade SRB"]
[Date "2013.10.18"]
[Round "7.1"]
[White "Martic,I SRB"]
[Black "Martinovic,Sl"]
[Result "1/2-1/2"]
[WhiteElo "2375"]
[BlackElo "2393"]

1.e4 c5 2.Nf3 d6 3.d4 cxd4 4.Nxd4 Nf6 5.Nc3 Nc6 6.Bg5 Qb6 7.Nb3 e6 8.Qd2 a6
9.O-O-O Be7 10.f4 Qc7 11.Be2 O-O 12.Bxf6 gxf6 13.f5 Kh8 14.Qh6 Rg8 15.Rd3 Bd7
16.Rh3 Rg7 17.g4 Qd8 18.Kb1 Qg8 19.a3 b5 20.Rg3 Ne5 21.Nd4 Rb8 22.Rhg1 b4
23.axb4 Rxb4 24.Nb3 Bc6 25.Nd2 a5 26.h4 exf5 27.exf5 d5 28.g5 Qf8 29.Nf3 Nd7
30.g6 Bd6 31.R3g2 Bc5 32.Rd1 Qb8 33.Bd3 Rxb2+ 34.Kc1 Qb4 35.Re1 Qb8 36.gxf7 Rxf7
37.Rge2 Nf8 38.Nd2 Ba3 39.Kd1 Qa8 40.Re6 Bd7 41.Nxd5 Bxe6 42.fxe6 Qxd5 43.exf7 Qxf7
44.Rg1 Ra2 45.Rg4  1/2-1/2

[Event "17th Unive Open 2013"]
[Site "Hoogeveen NED"]
[Date "2013.10.18"]
[Round "1.7"]
[White "Pancevski,F"]
[Black "Brookes,C"]
[Result "1-0"]
[WhiteElo "2493"]
[BlackElo "2136"]

1.e4 c5 2.Nf3 Nc6 3.d4 cxd4 4.Nxd4 Nf6 5.Nc3 d6 6.Bg5 e6 7.Qd2 a6 8.O-O-O Bd7
9.f4 h6 10.Bh4 g5 11.fxg5 Ng4 12.Nf3 Be7 13.Be2 Nge5 14.Kb1 hxg5 15.Bg3 Nxf3
16.gxf3 Ne5 17.Qe1 Rc8 18.Rd4 b5 19.Nd1 Rc6 20.Qd2 Qc7 21.Ne3 Nc4 22.Bxc4 bxc4
23.Qe2 c3 24.b3 Bf6 25.Nd5 exd5 26.exd5+ Be6 27.Ra4 Rb6 28.dxe6 fxe6 29.Qxe6+ Qe7
30.Qd5 Rb5 31.Qd3 Be5 32.Rxa6 Qb7 33.Ra8+ Qxa8 34.Qxb5+ Ke7 35.Bxe5  1-0

[Event "TCh-Belgrade Premier liga 2013"]
[Site "Belgrade SRB"]
[Date "2013.10.19"]
[Round "8.5"]
[White "Vasovic,D"]
[Black "Dimic,P"]
[Result "0-1"]
[WhiteElo "2204"]
[BlackElo "2243"]

1.e4 c5 2.Nf3 d6 3.d4 cxd4 4.Nxd4 Nf6 5.Nc3 Nc6 6.Bg5 e6 7.Qd2 a6 8.O-O-O Bd7
9.f3 Be7 10.h4 h6 11.Be3 h5 12.Bg5 Qc7 13.Kb1 Ne5 14.f4 Neg4 15.f5 b5 16.fxe6 fxe6
17.a3 Rb8 18.Nb3 a5 19.Bd3 Ne5 20.Na2 b4 21.axb4 axb4 22.Nxb4 Qb7 23.Na2 Nxd3
24.Qxd3 Qxe4 25.Nc3 Qxd3 26.Rxd3 Rb4 27.Re1 Kf7 28.g3 Rhb8 29.Kc1 Bc8 30.Rd4 Rxd4
31.Nxd4 Bd7 32.Rf1 e5 33.Nf3 Bc6 34.Bd2 Bxf3 35.Rxf3 Ke6 36.Bg5 d5 37.Rf1 Bb4
38.Bxf6 gxf6 39.Rf3 d4 40.Ne4 Be7 41.Nd2 f5 42.Rd3 Bc5 43.Nb3 Bf8 44.Kd1 Rb4
45.Ke2 Bg7 46.Rd1 e4 47.Ra1 d3+ 48.Kd2 Rb5 49.Ra7 Bxb2 50.Rh7 Be5 51.Rxh5 Kf6
52.Rh6+ Kf7 53.Rh7+ Kg6 54.Re7 Bxg3 55.cxd3 Rxb3 56.dxe4 f4 57.Re5 Bxh4  0-1

[Event "17th Corsican Circuit Final"]
[Site "Bastia FRA"]
[Date "2013.10.20"]
[Round "1.1"]
[White "Istratescu,A"]
[Black "Greenfeld,A"]
[Result "0-1"]
[WhiteElo "2664"]
[BlackElo "2545"]

1.e4 c5 2.Nf3 d6 3.d4 cxd4 4.Nxd4 Nf6 5.Nc3 Nc6 6.Bg5 e6 7.Qd2 Be7 8.O-O-O O-O
9.f4 h6 10.h4 Nxd4 11.Qxd4 Qa5 12.Kb1 Rd8 13.Qg1 b5 14.Bd3 Bb7 15.Rh3 b4
16.Bxf6 Bxf6 17.Ne2 Qc5 18.g4 Qxg1 19.Rxg1 g5 20.hxg5 hxg5 21.fxg5 Be5 22.Rgh1 a5
23.Ng3 Kg7 24.Nf5+ exf5 25.gxf5 Rg8 26.Rh7+ Kf8 27.Bc4 d5 28.g6 fxg6 29.exd5 Rg7
30.fxg6 Ba6 31.Bb3 Rxh7 32.Rxh7 Bg7 33.Ba4 Rd8 34.Bc6 Rd6 35.a3 bxa3 36.bxa3 Rxg6
37.Rh1 Bc4 38.Rd1 Rd6 39.Rf1+ Bxf1  0-1

[Event "51st ch-IND B 2013"]
[Site "Bhopal IND"]
[Date "2013.10.20"]
[Round "11.28"]
[White "Prasannaa,S"]
[Black "Navin,K"]
[Result "0-1"]
[WhiteElo "2171"]
[BlackElo "2358"]

1.e4 c5 2.Nf3 d6 3.d4 cxd4 4.Nxd4 Nf6 5.Nc3 Nc6 6.Bg5 e6 7.Qd2 a6 8.O-O-O Bd7
9.f3 Be7 10.Be3 Rc8 11.g4 h6 12.Nxc6 Bxc6 13.Ne2 Nxe4 14.Qd3 Ng5 15.Nd4 Bd5
16.Bg2 Qa5 17.Nf5 Qxa2 18.Nxe7 Kxe7 19.f4 Nh7 20.g5 Rc6 21.Bxd5 Qxd5 22.Qxd5 exd5
23.Rxd5 Nf8 24.f5 hxg5 25.Bxg5+ Kd7 26.Re1 f6 27.Bf4 Rh4 28.Rd4 g5 29.Be3 Rxh2
30.c3 Kc7 31.Re4 Rh7 32.Bd4 Nd7 33.Re6 Ne5 34.Kb1 Rf7 35.Rh1 Kd7 36.Rh8 Rc7
37.Bb6 Rc8 38.Rxc8 Kxc8 39.Rxd6 Nd7 40.Bd4 g4 41.Kc2 g3 42.Kd3 Re7 43.Bxf6 g2
44.Bd4 Ne5+ 45.Kc2 Rd7 46.Rxd7 Kxd7 47.Kb3 Nf3 48.Be3 g1=Q 49.Bxg1 Nxg1  0-1

[Event "17th Unive Open 2013"]
[Site "Hoogeveen NED"]
[Date "2013.10.24"]
[Round "7.6"]
[White "Pancevski,F"]
[Black "Okkes,M"]
[Result "1-0"]
[WhiteElo "2493"]
[BlackElo "2351"]

1.e4 c5 2.Nf3 Nc6 3.d4 cxd4 4.Nxd4 Nf6 5.Nc3 d6 6.Bg5 e6 7.Qd2 a6 8.O-O-O Be7
9.f4 Nxd4 10.Qxd4 b5 11.Be2 Bb7 12.Bf3 O-O 13.e5 Bxf3 14.exf6 gxf6 15.gxf3 fxg5
16.Ne4 d5 17.h4 Qc7 18.Nxg5 Qc4 19.Qe5 Rac8 20.Rh2 Qc7 21.Qd4 Qc4 22.Rg2 Qxd4
23.Nxe6+ Kh8 24.Nxd4 Bf6 25.Nf5 Rc4 26.Nh6 Bg7 27.Nf5 Bf6 28.Rdg1 h6 29.Ne3 Rxf4
30.Nxd5 Rxf3 31.Nxf6 Rxf6 32.Rg4 Rf2 33.a4 Rh2 34.axb5 axb5 35.Rb4 f5 36.Rf1 Kh7
37.Rxb5 f4 38.h5 Rf7 39.Rd5 f3 40.Rd3 f2 41.Rd2 Rf4 42.Kd1 Kg7 43.Ke2 Kf6
44.Ke3 Ke5 45.Rdxf2 Re4+ 46.Kd3 Rxh5 47.Rf8 Rd4+ 48.Kc3 Rh3+ 49.R1f3 Rxf3+
50.Rxf3 Rd8 51.b4 h5 52.Rh3 Rh8 53.Rh4 Kf5 54.b5 Kg5 55.Rh2 h4 56.Kb4 h3
57.c4 Kf6 58.b6 Ke7 59.Kb5 Kd7 60.c5 Kc8 61.c6 Kb8 62.Ka6 Rh4 63.Re2 Rh8
64.c7+ Kc8 65.Ka7 Rg8 66.Rc2 Kd7 67.b7  1-0

[Event "14th Liberec Open"]
[Site "Liberec CZE"]
[Date "2013.10.31"]
[Round "7.15"]
[White "Rojikova,Lenka"]
[Black "Prachar,J"]
[Result "1/2-1/2"]
[WhiteElo "1949"]
[BlackElo "1900"]

1.e4 c5 2.Nf3 Nc6 3.d4 cxd4 4.Nxd4 Nf6 5.Nc3 d6 6.Bg5 e6 7.Qd2 Be7 8.O-O-O O-O
9.f4 h6 10.Bh4 e5 11.Nxc6 bxc6 12.Bxf6 Bxf6 13.Qxd6 Qb6 14.f5 Rd8 15.Qa3 Qe3+
16.Kb1 Rxd1+ 17.Nxd1 Qxa3 18.bxa3 Be7 19.c3 Rb8+ 20.Kc2 Bxa3 21.Bc4 Kf8 22.Bb3 Ba6
23.Ne3 Ke7 24.Rd1 f6 25.Rd2 Bc5 26.Nc4 Bxc4 27.Bxc4 Rd8 28.Rxd8 Kxd8 29.Kb3 Kc7
30.Be2 a5 31.Bd1 Kd6 32.Kc4 Ba3 33.Ba4 Bc5 34.Bd1 Ba3 35.Ba4  1/2-1/2

[Event "2nd Danube Rapid Cup 2013"]
[Site "Kozloduy BUL"]
[Date "2013.11.01"]
[Round "1.5"]
[White "Saric,Iv"]
[Black "Baklan,V"]
[Result "0-1"]
[WhiteElo "2628"]
[BlackElo "2627"]

1.e4 c5 2.Nf3 d6 3.d4 cxd4 4.Nxd4 Nf6 5.Nc3 Nc6 6.Bg5 e6 7.Qd2 a6 8.O-O-O Bd7
9.f4 Be7 10.Nf3 b5 11.Bxf6 gxf6 12.Kb1 Qa5 13.g3 Rc8 14.Bh3 Nb4 15.a3 Nc6
16.f5 b4 17.axb4 Qxb4 18.Rhe1 Ne5 19.fxe6 fxe6 20.Nxe5 fxe5 21.Rf1 Rb8 22.b3 a5
23.Na2 Qxd2 24.Rxd2 Rf8 25.Rxf8+ Bxf8 26.Nc3 Ke7 27.Bg4 Rb4 28.Bh5 Bg7 29.Rf2 Bf6
30.Kc1 Bc6 31.Bf3 Bg5+ 32.Kd1 Be3 33.Rf1 Bd4 34.Ne2 Bc5 35.Nc3 Rd4+ 36.Kc1 Ba3+
37.Kb1 Bb4 38.Ne2 Rd2 39.Kc1 Bxe4 40.c3 Ra2 41.Bxe4 Ba3+ 42.Kb1 Rb2+ 43.Ka1 Rxe2
44.Bxh7 Rxh2 45.Bg8 Rh8 46.Ka2 Bc5 47.Rf7+ Ke8 48.b4 axb4 49.cxb4 Rxg8  0-1